Vegetable research and development in Southeast Asia: the AVNET final report
Shranjeno v:
| Format: | Knjiga |
|---|---|
| Jezik: | Undetermined |
| Izdano: |
Taiwan
AVRDC
1993
|
| Teme: | |
| Oznake: |
Označite
Brez oznak, prvi označite!
|
| Thư viện lưu trữ: | Trung tâm Học liệu Trường Đại học Cần Thơ |
|---|
| LEADER | 00483nam a2200157Ia 4500 | ||
|---|---|---|---|
| 001 | CTU_38787 | ||
| 008 | 210402s9999 xx 000 0 und d | ||
| 082 | |a 635.04 | ||
| 082 | |b A832/v | ||
| 245 | 0 | |a Vegetable research and development in Southeast Asia: the AVNET final report | |
| 260 | |a Taiwan | ||
| 260 | |b AVRDC | ||
| 260 | |c 1993 | ||
| 650 | |a horticultural crops,vegetable - Southeast Asia | ||
| 904 | |i Liên, 990910 | ||
| 980 | |a Trung tâm Học liệu Trường Đại học Cần Thơ | ||